| 000 | 00383nam a2200145 a 4500 | ||
|---|---|---|---|
| 001 | 4265 | ||
| 003 | CDMR | ||
| 005 | 20130320111203.0 | ||
| 008 | 130130s2001||||||||||||||||||||||||||||d | ||
| 040 |
_aCDMR _bcat _cCPC GIRONA |
||
| 110 |
_91047 _aGirona _b -- Ajuntament |
||
| 245 | 0 |
_aCrònica d'un any 2000-2001 _b: Cinema Truffaut |
|
| 260 |
_c2001 _bAjuntament de Girona |
||
| 942 |
_cMON _2ddc |
||
| 999 |
_c4265 _d4265 |
||